| 000 | 00555nam a22001697a 4500 | ||
|---|---|---|---|
| 005 | 20240312105603.0 | ||
| 008 | 090826t xxu||||| |||| 00| 0 eng d | ||
| 010 | _aENG-139649 | ||
| 020 |
_a9789351202417 _c250.00 |
||
| 035 | _aEN-123181 | ||
| 037 | _bDBAD/PUB | ||
| 082 | _a230.1 | ||
| 245 |
_aSri Gure-Gita/ _cCommentary By Swamy Muralidharan |
||
| 300 |
_a159p; _c20cm(pbk) |
||
| 700 |
_aCommentary By Swamy Muralidharan _963083 |
||
| 942 |
_2ddc _cEN _h230.1 _mSRI |
||
| 999 |
_c201391 _d201391 |
||